L'arte della gioia /

Guardat en:
Dades bibliogràfiques
Autor principal: Sapienza, Goliarda (Autor)
Altres autors: Pellegrino, Angelo, (1946- ) (Autor d'introducció, etc.), Scarpa, Domenico (Autor del postil·ló, colofó, etc.)
Format: Llibre
Idioma:italià
Publicat: Torino : Einaudi, 2017
Col·lecció:Super ET
Etiquetes: Afegir etiqueta
Sense etiquetes, Sigues el primer a etiquetar aquest registre!

MARC

LEADER 00000nam a22000007i 4500
001 IT\ICCU\PAL\0305818
003 ItRI
005 20260116195235.0
008 180223s2017 it |||||| ||||| |||||c
020 |a 9788806219673 
040 |b ita  |c Arcigay Catania 
041 7 |a ita  |2 ISO-639-2 
082 |a 853.914  |2 21 
100 1 |a Sapienza, Goliarda  |0 IT\ICCU\CFIV\029426  |4 aut 
240 1 2 |a L'arte della gioia  |9 Sapienza, Goliarda 
245 1 2 |a L'arte della gioia /  |c Goliarda Sapienza ; prefazione e Ritratto di Goliarda Sapienza di Angelo Pellegrino ; postfazione di Domenico Scarpa. 
260 |a Torino :  |b Einaudi,  |c 2017 
300 |a X, 564 p. ;  |c 21 cm 
700 1 |a Pellegrino, Angelo,  |d  (1946- )  |0 IT\ICCU\LO1V\130402  |4 aui 
700 1 |a Scarpa, Domenico  |0 IT\ICCU\RAVV\086167  |4 aft 
830 0 |a Super ET  |0 IT\ICCU\RMS\1248254 
942 |2 ddc  |c BK 
952 |0 0  |1 0  |2 ddc  |4 0  |6 853_914000000000000_SAP_ART  |7 0  |9 26186  |a CT  |b CT  |d 2026-01-16  |l 0  |o 853.914 SAP ART  |p 11632  |r 2026-01-16 19:57:00  |w 2026-01-16  |y BK 
981 1 |6 z01  |a i   |b xxxe  
982 1 |6 z01  |a n 
999 |c 22169  |d 22169